000 01003cam a2200277 a 4500
005 20260322212053.0
008 data
010 _a 97207665
020 _a0965737705 :
_c{dollar}12.95
020 _a9780965737708 :
_c{dollar}12.95
040 _aAzT
_cAzT
_dDLC
042 _alccopycat
043 _an-us-az
050 0 0 _aF819.W44
_bP79 1997
082 0 0 _a979.1/73
_221
092 _a979.1 P79 1997
100 1 _aPry, Mark E.
245 1 4 _aThe town on the Hassayampa :
_ba history of Wickenburg, Arizona /
_cMark E. Pry.
260 _aWickenburg, Ariz. :
_bDesert Caballeros Western Museum,
_cc1997.
300 _ax, 157 p. :
_bill., 1 map ;
_c23 cm.
504 _aIncludes bibliographical references (p. 147-151) and index.
651 0 _aWickenburg (Ariz.)
_xHistory.
856 4 2 _3Publisher description
_uhttp://www.loc.gov/catdir/enhancements/fy1113/97207665-d.html
856 4 2 _3Contributor biographical information
_uhttp://www.loc.gov/catdir/enhancements/fy1117/97207665-b.html
001 data
999 _c1253
_d1253